[Event "Challenge"]
[Site "http://www.queenalice.com/game.php?id=786731"]
[Date "2010.6.7"]
[Round "-"]
[White "ramsescabral"]
[Black "ianfranaz"]
[Result "0-1"]
[WhiteElo "1524"]
[BlackElo "1614"]

1. e4 e5 2. g3 Nc6 3. Nf3 Nf6 4. Bg2 d6 5. O-O Bg4 6. d3 Nd4 7. c3 Ne6 8. d4
Nxe4 9. Qd3 Nf6 10. dxe5 dxe5 11. Qb5+ Nd7 12. Nh4 Rb8 13. Nd2 Be7 14. Qa4 O-O
15. Qxa7 Bxh4 16. gxh4 Qxh4 17. h3 Bh5 18. b3 Nf4 19. Ne4 Nxg2 20. Qa4 c6 21.
Bg5 Qxh3 22. Rfd1 h6 23. Be7 Nf4 0-1

[Event "Challenge"]
[Site "http://www.queenalice.com/game.php?id=786739"]
[Date "2010.6.7"]
[Round "-"]
[White "Branca"]
[Black "ianfranaz"]
[Result "0-1"]
[WhiteElo "979"]
[BlackElo "1500"]

1. c4 c5 2. f4 Nc6 3. g4 b6 4. Nf3 Bb7 5. Na3 Nf6 6. Bh3 e6 7. d3 Nd4 8. O-O
Nxf3+ 9. Rxf3 Bxf3 10. exf3 Be7 11. g5 Nh5 12. Bg4 g6 13. Be3 Bd6 14. Nb5 Bb8
15. d4 Nxf4 16. Qd2 Nh5 17. dxc5 O-O 18. Bxh5 gxh5 19. Qd4 e5 20. Qd5 Bc7 21.
Nc3 bxc5 22. Qxc5 Bb6 23. Qxe5 Re8 24. Bd4 Rxe5 25. f4 Bxd4+ 26. Kf1 Re3 27. Nd5
Rc8 28. Nf6+ Bxf6 29. gxf6 Qxf6 30. Rb1 Qxf4+ 31. Kg1 Re2 32. h3 Qh2+ 33. Kf1
Qf2# 0-1

[Event "Challenge"]
[Site "http://www.queenalice.com/game.php?id=786776"]
[Date "2010.6.7"]
[Round "-"]
[White "mateus98"]
[Black "ianfranaz"]
[Result "0-1"]
[WhiteElo "1100"]
[BlackElo "1500"]

1. d4 d5 2. c4 e6 3. e3 Nf6 4. Qa4+ Bd7 5. Qd1 Be7 6. Bd3 O-O 7. Bc2 dxc4 8. e4
Nc6 9. b3 Nb4 10. e5 Nxc2+ 11. Qxc2 cxb3 12. axb3 Nd5 13. Nf3 Bb4+ 0-1

[Event "Challenge"]
[Site "http://www.queenalice.com/game.php?id=814761"]
[Date "2010.8.7"]
[Round "-"]
[White "vasileC"]
[Black "ianfranaz"]
[Result "1-0"]
[WhiteElo "1777"]
[BlackElo "1717"]

1. e4 e5 2. Nf3 Nc6 3. Bd3 Be7 4. Nc3 Nf6 5. O-O O-O 6. Ne2 d6 7. Ng3 Bg4 8. Be2
h6 9. h3 Be6 10. d3 d5 11. Nh2 d4 12. Nh5 Nxh5 13. Bxh5 Bg5 14. Bxg5 Qxg5 15.
Bg4 f5 16. exf5 Bxf5 17. Bxf5 Qxf5 18. Qg4 Qf6 19. a3 Ne7 20. Rae1 Rad8 21. Qe4
Rd5 22. b4 Qd6 23. Ng4 Ng6 24. g3 h5 25. Nh2 Rf6 26. Qe2 Rf5 27. Qe4 Qf6 28.
Qxd5+ 1-0

[Event "Challenge"]
[Site "http://www.queenalice.com/game.php?id=814762"]
[Date "2010.8.7"]
[Round "-"]
[White "ianfranaz"]
[Black "vasileC"]
[Result "1-0"]
[WhiteElo "1668"]
[BlackElo "1809"]

1. c4 c5 2. Nc3 Nc6 3. g3 a6 4. Bg2 g6 5. e3 Bg7 6. Nge2 e6 7. O-O Nf6 8. d4
cxd4 9. exd4 O-O 10. a3 e5 11. d5 Ne7 12. d6 Nc6 13. c5 Qa5 14. Be3 Ng4 15. Bd2
Qd8 16. Nd5 Ra7 17. Nec3 Nf6 18. Nb6 Nd4 19. Nxc8 Qxc8 20. b4 Qd8 21. Be3 Ne8
22. Rb1 b5 23. cxb6 Qxb6 24. Ne4 Nxd6 25. Nxd6 Qxd6 26. Qa4 Rc7 27. Rfd1 Qf6 28.
h4 Nb5 29. Rbc1 Rxc1 30. Rxc1 Re8 31. Bb7 Nd4 32. Bxa6 Re6 33. Bc4 Rc6 34. Bxd4
exd4 35. b5 Rb6 36. Re1 Re6 37. Bxe6 dxe6 38. b6 d3 39. b7 d2 40. b8=Q+ Bf8 41.
Rd1 Qc3 42. Qae8 Qc5 43. Qxf8+ Qxf8 44. Qxf8+ Kxf8 45. Rxd2 e5 46. a4 f5 47. Kf1
e4 48. Ke2 Kg7 49. Ke3 Kh6 50. a5 Kh5 51. a6 g5 52. hxg5 Kxg5 53. a7 h5 54. a8=Q
Kg4 55. Qg8+ Kh3 56. Qg5 Kg2 57. f3+ Kf1 58. Qh4 Ke1 59. Qh1# 1-0

[Event "Challenge"]
[Site "http://www.queenalice.com/game.php?id=817042"]
[Date "2010.8.12"]
[Round "-"]
[White "thiagobrumchess"]
[Black "ianfranaz"]
[Result "0-1"]
[WhiteElo "1706"]
[BlackElo "1778"]

1. e4 e5 2. Nf3 Nc6 3. Bc4 Be7 4. O-O Nf6 5. Ng5 O-O 6. Bxf7+ Rxf7 7. Nxf7 Kxf7
8. Nc3 Kg8 9. d3 d5 10. f3 d4 11. Ne2 Bd6 12. Ng3 g6 13. Bg5 Qf8 14. c3 h6 15.
Bxf6 Qxf6 16. Qd2 Be6 17. Qxh6 Qg7 18. Qg5 Be7 19. Qd2 Rf8 20. Rab1 Bxa2 21. Ra1
Be6 22. Kh1 a5 23. c4 Bb4 24. Qg5 Nd8 25. b3 Nf7 26. Qc1 Qh6 27. Ra2 Qh7 28. Ne2
Kg7 29. f4 Rh8 30. Rf3 Qxh2# 0-1

[Event "02"]
[Site "http://www.queenalice.com/game.php?id=821309"]
[Date "2010.8.21"]
[Round "-"]
[White "ianfranaz"]
[Black "Fernando_cun"]
[Result "1-0"]
[WhiteElo "1806"]
[BlackElo "1733"]

1. c4 d5 2. cxd5 Qxd5 3. Nc3 Qe6 4. e3 Bd7 5. d4 a6 6. g3 Bc6 7. d5 Bxd5 8. Nxd5
Qd6 9. Bg2 c6 10. Nc3 Qxd1+ 11. Nxd1 e6 12. Ne2 Bb4+ 13. Ndc3 Bxc3+ 14. Nxc3 Nf6
15. O-O h6 16. b3 O-O 17. a4 Rd8 18. Rd1 Rxd1+ 19. Nxd1 Nbd7 20. Bb2 Nc5 21. b4
Nd3 22. Bc3 Nd7 23. Be4 N3e5 24. f4 Nf6 25. Nf2 Neg4 26. Bxf6 gxf6 27. Nxg4 f5
28. Nxh6+ Kg7 29. Nxf5+ exf5 30. Bxf5 Kf6 31. g4 Rh8 32. Rd1 Rh3 33. e4 Rf3 34.
Rf1 Rb3 35. e5+ Ke7 36. Rb1 Ra3 37. a5 Rd3 38. Bxd3 1-0

[Event "Challenge"]
[Site "http://www.queenalice.com/game.php?id=825935"]
[Date "2010.8.31"]
[Round "-"]
[White "ianfranaz"]
[Black "melo41"]
[Result "1-0"]
[WhiteElo "1779"]
[BlackElo "1758"]

1. c4 Nf6 2. Nc3 g6 3. g3 d6 4. Bg2 Bg7 5. e3 O-O 6. Nge2 c6 7. O-O Nbd7 8. d4
e5 9. b3 Qc7 10. d5 a6 11. dxc6 bxc6 12. b4 Re8 13. a4 Bb7 14. Ba3 Nh5 15. Ne4
Bf8 16. N2c3 f5 17. b5 fxe4 18. Nxe4 c5 19. Rb1 axb5 20. cxb5 d5 21. Nc3 d4 22.
Nd5 Qd8 23. b6 dxe3 24. Nc7 Bxg2 25. Kxg2 e2 26. Qxe2 Rxa4 27. Nxe8 Qxe8 28. Bc1
Qb8 29. Qd3 Nxb6 30. Qb5 Qa8+ 31. f3 Ra2+ 32. Kg1 Nc8 33. Bb2 Ra5 34. Qc4+ Kg7
35. Bxe5+ Nf6 36. Rb8 1-0

[Event "Challenge"]
[Site "http://www.queenalice.com/game.php?id=825945"]
[Date "2010.8.31"]
[Round "-"]
[White "ianfranaz"]
[Black "melo41"]
[Result "1-0"]
[WhiteElo "1736"]
[BlackElo "1730"]

1. c4 Nf6 2. Nc3 g6 3. g3 d6 4. Bg2 c6 5. e3 Bg7 6. Nge2 O-O 7. O-O Nbd7 8. d4
e5 9. b3 Qc7 10. d5 a6 11. Rb1 c5 12. a4 Re8 13. Ba3 b6 14. Ne4 Nxe4 15. Bxe4 f5
16. Bg2 a5 17. Nc3 e4 18. Nb5 Qb8 19. Bb2 Be5 20. Bxe5 Nxe5 21. h3 Bd7 22. Nc3
Nd3 23. f3 Qd8 24. fxe4 fxe4 25. Nxe4 Ne5 26. Nxd6 Rf8 27. Ne4 Rxf1+ 28. Qxf1
Qe7 29. d6 Qe6 30. Nf6+ Kg7 31. Nxd7 1-0

[Event "Challenge"]
[Site "http://www.queenalice.com/game.php?id=828916"]
[Date "2010.9.6"]
[Round "-"]
[White "ianfranaz"]
[Black "melo41"]
[Result "0-1"]
[WhiteElo "1817"]
[BlackElo "1788"]

1. c4 Nf6 2. g3 g6 3. Bg2 d6 4. Nc3 Bg7 5. e3 O-O 6. Nge2 e5 7. O-O c6 8. d4 Qc7
9. b4 Re8 10. b5 exd4 11. exd4 Bg4 12. Qc2 cxb5 13. Nxb5 Qe7 14. Nf4 Bf5 15. Qb3
a6 16. Nc3 Nc6 17. Ncd5 Nxd5 18. Nxd5 Qd8 19. Be3 Rb8 20. Rad1 Na5 21. Qc3 Rc8
22. c5 dxc5 23. Qb2 c4 24. Nb6 c3 25. Qb4 Nc6 26. Qxc3 Qxb6 27. Rb1 Bxb1 0-1

[Event "Challenge"]
[Site "http://www.queenalice.com/game.php?id=828927"]
[Date "2010.9.6"]
[Round "-"]
[White "ianfranaz"]
[Black "melo41"]
[Result "1-0"]
[WhiteElo "1836"]
[BlackElo "1698"]

1. c4 Nf6 2. Nc3 g6 3. g3 d6 4. Bg2 Bg7 5. e3 O-O 6. Nge2 e5 7. O-O c6 8. d4 Qc7
9. d5 c5 10. Nb5 Qd8 11. e4 a6 12. Nbc3 Nh5 13. Be3 f5 14. exf5 gxf5 15. Nc1 Nf6
16. N1e2 Nbd7 17. b3 Ng4 18. Bd2 e4 19. Nf4 Nde5 20. h3 Nf6 21. Ne6 Bxe6 22.
dxe6 Re8 23. Bg5 Rxe6 24. Nd5 Rc8 25. Qd2 Qf8 26. Nb6 Rd8 27. a4 Nd3 28. Rad1 h6
29. Be3 Kh7 30. f3 Qe7 31. f4 Nd7 32. Nd5 Qf7 33. b4 b6 34. bxc5 bxc5 35. g4 Bd4
36. Bxd4 cxd4 37. g5 hxg5 38. fxg5 f4 39. Nxf4 Nxf4 40. Rxf4 Qh5 41. Bxe4+ Kg8
42. Qd3 Re5 43. Bd5+ Kh8 44. Qxd4 Qxg5+ 45. Kh2 Nf6 46. Rh4+ Kg7 47. Rg1 1-0

[Event "Challenge"]
[Site "http://www.queenalice.com/game.php?id=830790"]
[Date "2010.9.10"]
[Round "-"]
[White "pikachu01"]
[Black "ianfranaz"]
[Result "1-0"]
[WhiteElo "1704"]
[BlackElo "1831"]

1. e4 e5 2. Nf3 Nc6 3. d4 exd4 4. Nxd4 Ne5 5. Nc3 d6 6. Be2 c6 7. O-O Be7 8. f4
Ng6 9. Be3 Nf6 10. g4 Qd7 11. Nf5 O-O 12. Qd3 b5 13. g5 Ne8 14. Rad1 a5 15. h4
Ba6 16. Qd4 f6 17. h5 c5 18. Qd5+ Kh8 19. Qxa8 Nc7 20. Qa7 Ra8 21. Qb6 Nf8 22.
Nxe7 Qxe7 23. Qxd6 Qxd6 24. Rxd6 fxg5 25. fxg5 c4 26. Rf7 b4 27. Rxc7 bxc3 28.
Bd4 1-0

[Event "Challenge"]
[Site "http://www.queenalice.com/game.php?id=832693"]
[Date "2010.9.14"]
[Round "-"]
[White "ianfranaz"]
[Black "Vladimir"]
[Result "0-1"]
[WhiteElo "1864"]
[BlackElo "1778"]

1. c4 e5 2. Nc3 Nf6 3. g3 Bb4 4. Qb3 Nc6 5. Bg2 a5 6. e3 O-O 7. Nge2 d6 8. O-O
Bg4 9. f3 Bf5 10. Na4 Qd7 11. a3 Bc5 12. Nxc5 dxc5 13. Qc3 Bh3 14. Bxh3 Qxh3 15.
d4 exd4 16. exd4 Rfe8 17. Nf4 Qf5 18. d5 Nd4 19. Bd2 Nh5 20. g4 Qg5 21. Nxh5 Qg6
22. Ng3 b6 23. Rac1 h5 24. h3 h4 25. Ne4 Ne2+ 26. Kf2 Nxc3 27. Bxc3 f5 28. gxf5
Qxf5 29. Rce1 Qxh3 30. Rg1 Qf5 31. Nf6+ Kf8 32. Nxe8 Rxe8 33. Rxe8+ Kxe8 34.
Bxg7 h3 35. Bc3 h2 36. Rh1 Qh3 37. Be5 Qh4+ 38. Bg3 Qd4+ 39. Kg2 Qd2+ 40. Kh3
Qxb2 41. Bxc7 Kd7 42. Bxh2 Qxa3 43. Kg2 Qa2+ 0-1

[Event "Challenge"]
[Site "http://www.queenalice.com/game.php?id=833931"]
[Date "2010.9.17"]
[Round "-"]
[White "montelo"]
[Black "ianfranaz"]
[Result "0-1"]
[WhiteElo "2137"]
[BlackElo "1793"]

1. e4 e5 2. Qh5 Nc6 3. Qd1 Be7 4. Nc3 Nf6 5. g3 b6 6. Bg2 Bb7 7. d3 h6 8. Nf3
O-O 9. Nd5 Nxd5 10. exd5 Nb4 11. Nxe5 Nxd5 12. Qg4 Nf6 13. Qh3 Bxg2 14. Qxg2 d5
15. Nc6 Qd6 16. Nd4 c5 17. Nf5 Qe6+ 18. Ne3 d4 19. O-O dxe3 20. Bxe3 Ng4 21.
Rae1 Qf6 22. c3 Ne5 23. d4 Nf3+ 24. Kh1 Nxe1 25. Rxe1 Bd6 26. h4 Rfe8 27. a3
cxd4 28. cxd4 Rac8 29. Qb7 Rc7 30. Qf3 Qxf3+ 0-1

[Event "Challenge"]
[Site "http://www.queenalice.com/game.php?id=837704"]
[Date "2010.9.25"]
[Round "-"]
[White "ianfranaz"]
[Black "melo41"]
[Result "1-0"]
[WhiteElo "1843"]
[BlackElo "1790"]

1. g4 b6 2. Bg2 d5 3. c4 Bb7 4. e3 e5 5. Ne2 h6 6. Nbc3 e4 7. cxd5 Bxd5 8. Nxd5
Qxd5 9. Nc3 Qd3 10. Bxe4 Qd8 11. Bxa8 1-0

[Event "Challenge"]
[Site "http://www.queenalice.com/game.php?id=838482"]
[Date "2010.9.27"]
[Round "-"]
[White "thiagobrumchess"]
[Black "ianfranaz"]
[Result "0-1"]
[WhiteElo "1720"]
[BlackElo "1825"]

1. e4 e5 2. Nf3 Nc6 3. Bc4 Be7 4. O-O d6 5. Nc3 Nf6 6. Ng5 O-O 7. Bxf7+ Rxf7 8.
Nxf7 Kxf7 9. d3 Bg4 10. Qe1 Nd4 11. Qd2 b5 12. b4 c5 13. f3 Bh5 14. a3 a5 15.
bxc5 dxc5 16. Ne2 Nxe2+ 17. Qxe2 Qd7 18. Bb2 Bd6 19. Qd2 c4 20. dxc4 Bc5+ 21.
Bd4 Bxd4+ 22. Kh1 Bxa1 23. Qc3 Bxc3 0-1

[Event "Challenge"]
[Site "http://www.queenalice.com/game.php?id=840722"]
[Date "2010.10.2"]
[Round "-"]
[White "Navi"]
[Black "ianfranaz"]
[Result "1-0"]
[WhiteElo "1868"]
[BlackElo "1814"]

1. e4 e5 2. Nf3 Nc6 3. Bb5 a6 4. Bxc6 dxc6 5. h3 Bd6 6. d3 h6 7. Bd2 Nf6 8. Be3
Qe7 9. Qe2 c5 10. c4 b5 11. b3 Bb7 12. O-O b4 13. a3 a5 14. Nbd2 O-O 15. a4 Bc8
16. Rfd1 Nh7 17. Nf1 f5 18. Ne1 f4 19. Bc1 Qg5 20. Kh2 Be6 21. Nf3 Qd8 22. Bb2
Ng5 23. N1d2 Qf6 24. Nxg5 hxg5 25. f3 Rf7 26. Rh1 Qh6 27. Kg1 Qh5 28. Qf2 Raf8
29. Nf1 Rf6 30. Nh2 Qe8 31. Kf1 Rh6 32. Ke2 Rh4 33. Qg1 Qh5 34. Ng4 1-0

[Event "Challenge"]
[Site "http://www.queenalice.com/game.php?id=840723"]
[Date "2010.10.2"]
[Round "-"]
[White "ianfranaz"]
[Black "Navi"]
[Result "0-1"]
[WhiteElo "1800"]
[BlackElo "1882"]

1. c4 e5 2. e3 d6 3. Nc3 Nf6 4. g3 g6 5. Bg2 c6 6. Nge2 Bg7 7. O-O Be6 8. b3 O-O
9. d4 Bc8 10. Bb2 Qc7 11. d5 c5 12. a4 a5 13. Nb5 Qd8 14. Nec3 Qd7 15. Rb1 b6
16. Ne2 Qe7 17. Nec3 Rd8 18. Ne4 Bf5 19. Nbc3 Nxe4 20. Nxe4 Nd7 21. Qd2 Nf6 22.
f3 Nxe4 23. fxe4 Bd7 24. Rf2 Rf8 25. Rbf1 f6 26. h3 Rf7 27. Qe2 Raf8 28. Rf3 f5
29. exf5 Bxf5 0-1

[Event "Challenge"]
[Site "http://www.queenalice.com/game.php?id=841153"]
[Date "2010.10.3"]
[Round "-"]
[White "Nyvang"]
[Black "ianfranaz"]
[Result "1-0"]
[WhiteElo "1761"]
[BlackElo "1850"]

1. d4 d5 2. Bf4 g6 3. h3 Bg7 4. Nf3 Nf6 5. e3 O-O 6. Nc3 a6 7. Bd3 Nc6 8. O-O
Nb4 9. e4 dxe4 10. Nxe4 Nfd5 11. Bh2 f5 12. Ng3 Nxd3 13. Qxd3 f4 14. Ne4 Bf5 15.
Nh4 Be6 16. Nc5 Bc8 17. a3 b6 18. Ne4 e5 19. c4 Nf6 20. Nf3 Bf5 21. Nxf6+ Bxf6
22. Qb3 exd4 23. c5+ Kg7 24. cxb6 cxb6 25. Bxf4 Re8 26. Rfe1 b5 27. Rac1 Qd7 28.
Ne5 Qc8 29. Qf7+ 1-0

[Event "Challenge"]
[Site "http://www.queenalice.com/game.php?id=841885"]
[Date "2010.10.4"]
[Round "-"]
[White "ymfrancois"]
[Black "ianfranaz"]
[Result "0-1"]
[WhiteElo "1786"]
[BlackElo "1823"]

1. d4 d5 2. c4 dxc4 3. e3 b5 4. Nc3 a6 5. Nf3 Bb7 6. Be2 h6 7. O-O Nf6 8. Nh4 e6
9. Bf3 c6 10. g3 Bd6 11. Bg2 Nbd7 12. e4 e5 13. Nf5 Bb4 14. Nxg7+ Kf8 15. Nf5
exd4 16. Nxd4 Ne5 17. Nf5 Bxc3 18. Bxh6+ Kg8 19. Bg7 Rh7 20. Qxd8+ Rxd8 21. Bxf6
Nf3+ 22. Bxf3 Bxf6 23. Rad1 Bc8 24. Rxd8+ Bxd8 25. Rd1 Bf6 26. Rd6 Bxf5 27. Rxf6
Be6 28. e5 c5 29. a3 a5 30. Bc6 b4 31. Rf3 Rh5 32. Re3 c3 33. bxc3 b3 34. Be4 c4
35. f4 Kf8 36. f5 Bxf5 37. Bxf5 Rxf5 38. Kg2 Ke7 39. g4 Rg5 40. h3 Ke6 41. Re2
Rxe5 42. Rb2 Re3 43. Kf1 Rxc3 44. Ke1 Rxh3 45. Re2+ Kd5 46. Rd2+ Rd3 47. Rb2 a4
48. Rd2 Rxd2 49. Kxd2 Kd4 50. g5 c3+ 0-1

[Event "Challenge"]
[Site "http://www.queenalice.com/game.php?id=849698"]
[Date "2010.10.23"]
[Round "-"]
[White "BIBIU16"]
[Black "ianfranaz"]
[Result "1-0"]
[WhiteElo "1966"]
[BlackElo "1839"]

1. e4 e5 2. Nf3 Nc6 3. Bb5 a6 4. Ba4 b5 5. Bb3 Nf6 6. O-O d6 7. c3 Be7 8. d4
Nxe4 9. Bd5 Bd7 10. Bxe4 O-O 11. d5 Na5 12. Nbd2 f5 13. Bc2 Nb7 14. b4 c6 15.
Nb3 Kh8 16. h3 e4 17. dxc6 Bxc6 18. Nfd4 Bd7 19. f3 d5 20. fxe4 dxe4 21. Bd2 Bd6
22. Qh5 Be8 23. Qg5 1-0